MDQL
is popping MORE tags! Check the
thread
!
Quizzes
Events
Quiz Creation
Community
Videos
Private Events
Remove Ads
Sign In
Join for FREE
Feedback
Dark Mode
Quiz Categories
Sports
Geography
Music
Movies
Television
Just For Fun
Miscellaneous
History
Literature
Language
Science
Gaming
Entertainment
Religion
Holiday
For Kids
Quiz Lab
Recent
Popular Today
Quiz Kudos Today
Editor Picks
Curator Picks
Quizzes by...
Day
Popularity
Type
Ratings
Length
Year
Community
Subscriptions
Recent Discussions
Orange Saloon
Badges
Playlists
Quests
Create
Leaderboards
Showdown
Live 5
Trivia Bingo
Activity
Puzzle Library
Sporcle Events
Private Events
Virtual Trivia
Globe League
Become a Host
Pub Owners
SporcleCon
Opinionation
Our Games
Videos
Blog
Mobile Apps
Partnerships
Remove Ads and Go Orange
Feedback
Movies
Disney
Marvel Cinematic Universe
Movie Resume
Movie Titles
Oscar
Actor
Actress
Director
Pixar
Role
Movie Quotes
Movie Characters
Box Office
Nominee
Best Picture
Star Wars
James Bond
Horror Movies
Movies
Disney
Marvel Cinematic Universe
Movie Resume
Movie Titles
Oscar
Actor
Actress
Director
Pixar
Role
Movie Quotes
Movie Characters
Box Office
Nominee
Best Picture
Star Wars
James Bond
Horror Movies
Random Quiz
Search Sporcle
×
Quiz Lab
Quiz Lab
Movies
stone
Type in answers that appear in a list
Type in answers that appear in a list
Classic
Best Score? Go Orange.
Harry Potter Ultimate Trivia: The Sorcerer's Stone Stats
Can you name the Answers To These Trivia Questions?
By
jacobsavill
10m
50 Questions
175 Plays
175 Plays
175 Plays
Comments
Comments
Give Quiz Kudos
Give Quiz Kudos
-
- Ratings
hide this ad
More Info
Replay
Link that replays current quiz
Next Quiz
Link to next quiz in quiz playlist
You Got
0%
They Got
Avg Score
67%
Avg Friend Score
Upgrade to see
Score Distribution
Jump to the score distribution portion of the page
Score
0/50
Timer
10:00
0
Plays Today
Question
Answer
% Correct
Who Is the headmaster of Hogwarts?
Albus Dumbledore
96%
What do first years put on their head to decid what house they go in?
Sorting Hat
95.4%
How do first Years reach Hogwarts Castle after getting off the hogwarts express
By Boat
94.3%
What item is being hidden in hogwarts during the film?
The Philosopher's stone
93.1%
What animal is Neville's pet Trevor?
Toad
93.1%
What is the bank called in diagon alley?
Gringotts
92%
What subject does Proffessor Quirrell teach?
DADA
88%
What is the name of the three headed dog guarding the trapdoor?
Fluffy
85.7%
What creature do Harry, Malfoy, Hagrid, Hermione and Neville see slain in the Forbidden Forest?
A unicorn
84%
What is the name of the pub next to Diagon Alley?
The Leaky Cauldron
82.9%
What position does Oliver Wood play in the Gryffindor Team?
Keeper
82.9%
What is the name of Harry's owl?
Hedwig
82.3%
Whereabouts in hogwarts does quirrell say the troll is in, on Halloween evening
The Dungeons
80.6%
What can Mcgonagall transform herself into?
Cat
80.6%
Who says this, 'you've got dirt on your nose did you know? Right there.
Hermione
80.6%
Who Is The Pub's Innkeeper?
Tom
79.4%
Who owns the famous wandshop on Diagon Alley?
Ollivander
79.4%
What is the name of the goblin that takes Harry to his vault at Gringotts?
Griphook
78.9%
What is the address of the Dursley's House?
4 Privet Drive
78.9%
How many presents did Dudley have at his birthday
36
78.9%
How many did he have the year before?
37
78.9%
What house was Susan Bones put in?
Hufflepuff
78.3%
Which Hogwarts Teacher teaches History Of Magic?
Cuthbert Binns
77.7%
Who refereed Harry's first Quidditch match?
Madame Hooch
76.6%
Who does Hagrid borrow the motorbike from, when he delivers Harry to Privet Drive
Sirius Black
76%
Question
Answer
% Correct
What make is Harry's broom?
Nimbus 2000
74.9%
Where does Harry sleep whilst staying at the Dursley's
Cupboard under the stairs
73.7%
Who intially had the most points?
Slytherin
73.7%
What town do they live in?
Little Whinging
72.6%
What flavour Bertie botts bean, does Dumbledore taste in the hospital wing?
Earwax
71.4%
What bone does Neville break when he falls of his broom in the first flying lesson
Wrist
70.9%
How do the Dursleys tell Harry, his parents died
In a car crash
69.1%
Who is the hufflepuff ghost?
Fat Friar
66.9%
What Does Quirrell's turban smell like?
Garlic
65.1%
What was Nicolas Flamel's Profession?
Alchemist
64%
Who is the name of Dudley's friend who in the book, he goes to the zoo with?
Piers Polkiss
64%
Who is the old woman who lives opposite the Dursley's
Mrs Figg
63.4%
What is the scar just above Dumbledore's left knee, a perfect representation of?
The London Underground
60%
On what tower do Charlie and his friends come to collect norbert?
Astronomy Tower
56%
What flavour Bertie Botts Beans does George swear he got a flavour of once?
Bogey
55.4%
Whih famous quidditch team does Ron support?
Chudley Cannons
51.4%
What Colour wings did the rusty key have, in the protection of the philosopher's stone?
Blue
48%
How old was Nicolas Flamel in the book?
665
40.6%
What gift do Fred and George give Harry when he is in the hospital wing?
A toilet seat
38.3%
What do the Dursley's give Harry for Christmas?
50p
36.6%
How many wizard cards of Dumbledore does Ron say he has?
6
32%
What toy is Harry playing with, when uncle Vernon is nailing up the letterbox?
Soldiers
20%
What is Gryffindor's final house score before the recent events were taken into account?
312
13.1%
What was the final score in Harry's first quidditch match?
170-60
9.7%
What does Dumbledore supposedly see, when he looks into the mirror of erised?
He sees himself wearing a pair of thick woollen socks
0.6%
Quiz Playlist
Details
Report
Send in Message
Add To Playlist
More Info:
The quiz is based on the book not the film.
Classic:
Type in answers that appear in a list
Last Updated: Feb 16, 2017
Quiz Scoreboard
CHALLENGE
Sign Up to Join the Scoreboard
Show All
Scores
Hide
Comments
May contain spoilers
Recently Published
Two Season TV Shows II
by 123Four
Television
10m
Image Sorting: Flags VI
by Barbecue
Geography
2m
Find the 'City' Movie
by crazypaving
Movies
60s
More to Explore
Quiz From the Vault
Featured Blog Post
14 Easter Pick-up Lines to Find Eggs With
hide this ad
You Might Also Like...
Tags
Sorcerer
stone
ultimate
Today's Top Quizzes in Movies
Browse Movies
hide this ad
Today's Top Quizzes in stone
Browse stone
Top Contributed Quizzes in Movies
1
The ultimate James Bond movie quiz
2
Find The 'Big' Movie
3
Find The 'Wild' Movie
4
Find The 'Blue' Movie
5
Movies By Plot
6
Hidden Star Wars Character II
7
Pick 5 Posters: Directed by Spielberg
8
Hidden Star Wars Character III
9
Hidden Star Wars Character IV
10
25 Best Actor Nominees (1990s)
Explore More
Trending Topics
Marvel
Disney
Harry Potter
Crossword
Anime
Kpop
NBA
Country
The Office
NFL
Pokémon
WWE
Soccer
Song
Puzzle
hide this ad
More By:
jacobsavill
Quiz
Plays
Rating
Category
Featured
Created
First Names Of Premier League Soccer Players
391
3.00
Sports
Feb 12, 2012
English Cricketers and the Counties they Play for
295
3.00
Sports
Feb 13, 2012
Directors Of Oscar Winning Films
216
3.00
Movies
Feb 16, 2012
Premier League Soccer Players and their Nationalities
210
3.00
Sports
Feb 12, 2012
Premier League Football Players and their Clubs
199
3.50
Sports
Feb 12, 2012
Go to Creator's Profile
Score Distribution
Quiz Creator Spotlight
jacobsavill
Follow
Send a Message
Quizzes Created
-
Created Quiz Play Count
-
More By This Creator
Popular Quizzes Today
1
Find the US States - No Outlines Minefield
2
Colored Red Africa Blitz
3
Find the 'City' Movie
4
5x2 Blitz: Bands
5
The Countries of the World
6
Find the Countries of Europe - No Outlines Minefield
7
Find the US States
8
US States
More Movies Quizzes
Movies of 2013
Published
Trending Quizzes
Colored Red Europe Blitz I
Colored Red Africa Blitz II
Colored Red Europe Blitz II
Colored Red Europe Blitz III
Colored Red Africa Blitz III
Recently Updated
How Do You Spell That?
pecheneg
Godzilla Movies
pecheneg
Grab Bag: 4-10 Letters
pecheneg
2024 March Madness Bracket
pecheneg
Famous TV Couples
Peacemaker
Champions League XIs: Real Madrid
pecheneg
Largest US Cities 1790-2010
pecheneg
Rides in Walt Disney World
pecheneg
Most Oscar Losses (Acting)
pecheneg
Beyoncé Albums
pecheneg
Trending Topics
Anime
Kpop
Disney
Harry Potter
Marvel
NBA
Crossword
NFL
WWE
The Office
Soccer
Pokémon
Song
Puzzle
Country
Your Account Isn't Verified!
In order to create a playlist on Sporcle, you need to verify the email address you used during registration. Go to your
Sporcle Settings
to finish the process.
Report this User
Report this user for behavior that violates our
Community Guidelines
.
Details:
Send Report
Go to the Sporcle.com Mobile Site →
Comments